NBA, MLB, and NFL teams - Statistics

General Stats
  • This quiz has been taken 1,521 times
  • The average score is 62 of 92
Answer Stats
Answer % Correct
Cincinnati Reds
89%
New York Giants
85%
San Francisco Giants
85%
Arizona Cardinals
81%
St. Louis Cardinals
81%
Los Angeles Lakers
80%
New York Jets
78%
Dallas Cowboys
77%
Baltimore Ravens
76%
Boston Celtics
76%
Boston Red Sox
76%
Kansas City Chiefs
76%
Philadelphia Eagles
76%
San Fransisco 49ers
76%
Chicago Bears
75%
Golden State Warriors
75%
Houston Texans
75%
Los Angeles Rams
75%
New England Patriots
75%
New York Yankees
75%
Atlanta Falcons
74%
Cincinnati Bengals
74%
Green Bay Packers
74%
Oakland Athletics
74%
Seattle Seahawks
74%
Tampa Bay Buccaneers
74%
Chicago White Sox
73%
Cleveland Browns
73%
Detroit Lions
73%
Los Angeles Chargers
73%
Miami Dolphins
73%
Oakland Raiders
73%
Pittsburgh Steelers
73%
Carolina Panthers
72%
Denver Broncos
72%
Minnesota Vikings
72%
Jacksonville Jaguars
71%
Miami Heat
71%
Milwaukee Bucks
71%
Washington Redskins
71%
Atlanta hawks
70%
Brooklyn Nets
70%
Buffalo Bills
70%
Los Angeles Dodgers
70%
New Orleans Saints
70%
New York Mets
70%
Philadelphia 76ers
70%
Chicago Bulls
69%
Tennessee Titans
69%
Los Angeles Clippers
68%
New York Knicks
68%
Atanta Braves
67%
Cleveland Cavaliers
67%
Houston Astros
67%
Chicago Cubs
66%
Indianapolis Colts
66%
Dallas Mavericks
64%
Houston Rockets
64%
Los Angeles Angels
64%
Minnesota Timberwolves
64%
Phoenix Suns
64%
San Antonio Spurs
64%
Denver Nuggets
63%
Orlando Magic
62%
Philadelphia Phillies
62%
Toronto Blue Jays
62%
Arizona Diamondbacks
61%
Oklahoma City Thunder
61%
Sacramento Kings
61%
Toronto Raptors
61%
Detroit Pistons
60%
Miami Marlins
60%
Pittsburgh Pirates
60%
Tampa Bay Rays
60%
Utah Jazz
60%
Washington Wizards
60%
Charlotte Hornets
59%
Milwaukee Brewers
59%
Colorado Rockies
58%
Detroit Tigers
58%
Indiana Pacers
58%
New Orleans Pelicans
58%
Texas Rangers
58%
Minnesota Twins
57%
San Diego Padres
57%
Seattle Mariners
57%
Washington Nationals
57%
Cleveland Indians
56%
Memphis Grizzlies
56%
Portland Trail Blazers
56%
Kansas City Royals
54%
Baltimore Orioles
28%
No matching quizzes found
Score Distribution
Percent of People with Each Score
Percentile by Number Answered
Your Score History
You have not taken this quiz